000 00869nam a2200253 i 4500
001 11654
003 ES-MaACL
005 20250814220230.0
007 t|
008 961001s1997 sp |||| | spa d
020 _a84-7914-302-9
080 _a248.143:242
080 _a242:248.143
100 0 _aPedro Poveda,
_cSanto,
_d1874-1936
_9149925
245 1 0 _aJesús, maestro de oración /
_cPedro Poveda ; estudio preliminar y edición crítica por María Encarnación González.
260 _aMadrid :
_bBiblioteca de Autores Cristianos,
_c1997.
300 _aXXIII, 268 p. ;
_c20 cm.
490 1 _aBiblioteca de autores cristianos ;
_v573
650 1 4 _aOración.
_915729
700 1 _aGonzález Rodríguez, María Encarnación,
_d1943-
_9170678
830 0 0 _aBiblioteca de autores cristianos
_v573
_9178679
852 _aES-MaACL
_jJ-560
999 _c11654
_d11654